[Event "Titled Tue 3rd Jun Early"]
[Site "chess.com INT"]
[Date "2025.06.03"]
[Round "7"]
[White "Cernov, Henrik"]
[Black "Sava, Robert-Gabriel"]
[Result "0-1"]
[WhiteTitle "FM"]
[BlackTitle "CM"]
[WhiteElo "2325"]
[BlackElo "2155"]
[WhiteFideId "16258312"]
[BlackFideId "1265725"]
[EventDate "2025.06.03"]

1. e4 e6 2. d4 d5 3. Nd2 c5 4. Ngf3 Nc6 5. Bb5 a6 6. Bxc6+ bxc6 7. O-O Nf6 8.
exd5 cxd5 9. c4 Be7 10. a3 O-O 11. dxc5 dxc4 12. Nxc4 Qxd1 13. Rxd1 Bxc5 14. b4
Be7 15. Bb2 Bb7 16. Nfe5 Rac8 17. Rac1 Rfd8 18. Bd4 h5 19. f3 h4 20. Kf2 a5 21.
Nxa5 Rxc1 22. Rxc1 Rxd4 23. Nxb7 Rd2+ 24. Kg1 Nd5 25. g3 h3 26. f4 Ra2 27. Rc8+
Kh7 28. Nxf7 Kg6 29. Ne5+ Kf5 30. Rh8 g5 31. Nd3 g4 32. Nbc5 Rg2+ 33. Kh1 Rd2
34. Kg1 Bxc5+ 35. Nxc5 Rg2+ 36. Kh1 Ra2 37. Kg1 Ne3 38. Rf8+ Kg6 39. f5+ exf5
40. Rd8 Rg2+ 41. Kh1 Rf2 42. Rd1 Nxd1 43. Kg1 Rg2+ 44. Kf1 Ne3+ 45. Ke1 Rxh2 46.
Nd3 Ra2 47. Nf4+ Kg5 48. b5 h2 49. Ne6+ Kf6 50. Nf4 h1=Q# 0-1

[Event "Titled Tue 3rd Jun Early"]
[Site "chess.com INT"]
[Date "2025.06.03"]
[Round "7"]
[White "Jimenez Fernandez, Rebeca"]
[Black "Gavarrete, Nahun"]
[Result "0-1"]
[WhiteTitle "WFM"]
[BlackTitle "FM"]
[WhiteElo "2163"]
[BlackElo "2281"]
[WhiteFideId "32070934"]
[BlackFideId "8400709"]
[EventDate "2025.06.03"]

1. e4 e5 2. d4 d6 3. Nf3 Nc6 4. d5 Nce7 5. c4 Nf6 6. Nc3 g6 7. Bd3 Bg7 8. O-O
O-O 9. h3 Nd7 10. Nh2 f5 11. f3 a5 12. Be3 b6 13. a3 Bb7 14. b4 c6 15. dxc6 Bxc6
16. Bc2 Qc7 17. Bb3 Kh8 18. Qd2 Nf6 19. Rad1 Rad8 20. Qf2 Rb8 21. Qc2 Rfd8 22.
Rd2 Qb7 23. exf5 Nxf5 24. Bf2 axb4 25. axb4 b5 26. cxb5 Bxb5 27. Nxb5 Qxb5 28.
Be6 Qxb4 29. Rfd1 Nd4 30. Bxd4 exd4 31. Rxd4 Qb2 32. Qxb2 Rxb2 33. Rxd6 Rxd6 34.
Rxd6 Ne8 35. Rd8 Rb1+ 36. Kf2 Rb2+ 37. Ke3 Rxg2 38. Rxe8+ Bf8 39. Rxf8+ Kg7 40.
Rf7+ Kh6 41. Ng4+ Kg5 42. f4+ Kh4 43. Rxh7+ Kg3 44. Ne5 Rg1 45. Kd4 Rd1+ 46. Kc5
Kxf4 47. Nxg6+ Kg5 0-1

[Event "Titled Tue 3rd Jun Early"]
[Site "chess.com INT"]
[Date "2025.06.03"]
[Round "7"]
[White "Rustamov, Rustam"]
[Black "Ambartsumova, Karina"]
[Result "0-1"]
[WhiteTitle "FM"]
[BlackTitle "IM"]
[WhiteElo "2323"]
[BlackElo "2403"]
[WhiteFideId "13440110"]
[BlackFideId "4166299"]
[EventDate "2025.06.03"]

1. e4 c5 2. Nf3 a6 3. c3 d5 4. exd5 Qxd5 5. d4 Bg4 6. Be2 e6 7. Be3 Nd7 8. O-O
Ngf6 9. c4 Qd6 10. Nc3 cxd4 11. Nxd4 Bxe2 12. Qxe2 Be7 13. Rad1 Qc7 14. h3 O-O
15. Rc1 Rac8 16. b3 Qa5 17. Na4 Rfe8 18. Rfd1 Ba3 19. Rb1 Qc7 20. Nc2 Bf8 21.
Nd4 h6 22. Kh1 Ba3 23. Nc2 Bf8 24. Nd4 Ba3 25. Nf3 Ne4 26. Qc2 Nef6 27. Qe2 Bf8
28. Rbc1 Ba3 29. Rc3 Bb4 30. Rcd3 b5 31. Nb2 Ne5 32. Bf4 Nxd3 33. Bxc7 Nxb2 34.
Bd6 Nxd1 35. Bxb4 Ne4 36. Kg1 Ndc3 37. Qb2 Nd1 38. Qe2 Ndc3 39. Qb2 Nd1 40. Qa1
Ndxf2 41. Qb1 Red8 42. Kh2 Rd1 43. Qxd1 Nxd1 44. cxb5 axb5 45. Nd4 Ndc3 46. a4
bxa4 47. bxa4 Nxa4 0-1

[Event "Titled Tue 3rd Jun Early"]
[Site "chess.com INT"]
[Date "2025.06.03"]
[Round "7"]
[White "Shevchenko, Yaroslav"]
[Black "Hansen, Sune Berg"]
[Result "0-1"]
[BlackTitle "GM"]
[WhiteElo "2137"]
[BlackElo "2503"]
[WhiteFideId "34144684"]
[BlackFideId "1400266"]
[EventDate "2025.06.03"]

1. e4 c5 2. Nf3 Nc6 3. Bb5 Nf6 4. Nc3 g6 5. O-O Bg7 6. Re1 O-O 7. d3 Ne8 8. Bg5
Nc7 9. Bxc6 dxc6 10. Qd2 Bg4 11. Qf4 Bxf3 12. Qxf3 Ne6 13. Be3 Nd4 14. Bxd4 Qxd4
15. h4 h5 16. Rab1 Rad8 17. Ne2 Qa4 18. b3 Qxa2 19. Rec1 Rd6 20. Qg3 b5 21. e5
Re6 22. f4 Qa5 23. b4 Qb6 24. Qf2 cxb4 25. Nd4 a5 26. Nxe6 Qxf2+ 27. Kxf2 fxe6
28. c4 Bxe5 29. g3 Bc3 30. Ke3 bxc4 31. dxc4 Rd8 32. Rd1 Rxd1 33. Rxd1 a4 34.
Rd8+ Kf7 35. Ra8 a3 36. Kd3 e5 37. Kc2 exf4 38. gxf4 c5 39. Ra5 Bd4 40. Kb3 Ke6
41. Ra7 Kf6 42. Rc7 e6 43. Rd7 Kf5 44. Rf7+ Kg4 45. Re7 Kxh4 46. Rxe6 Kg4 47.
Rxg6+ Kxf4 48. Rh6 Kg5 49. Rh7 h4 50. Rf7 h3 51. Rh7 Kg4 52. Ka2 Kg3 53. Rh6 h2
54. Rg6+ Kf3 55. Rh6 Be5 56. Kb3 Kg2 57. Rg6+ Bg3 58. Rh6 0-1

[Event "Titled Tue 3rd Jun Early"]
[Site "chess.com INT"]
[Date "2025.06.03"]
[Round "7"]
[White "Goncharov, Vladimir"]
[Black "Swara Lakshmi S Nair"]
[Result "1-0"]
[BlackTitle "WCM"]
[WhiteElo "2077"]
[BlackElo "2178"]
[WhiteFideId "34162256"]
[BlackFideId "25629239"]
[EventDate "2025.06.03"]

1. d4 Nf6 2. c4 g6 3. Nc3 d5 4. cxd5 Nxd5 5. e4 Nxc3 6. bxc3 Bg7 7. Bc4 c5 8.
Ne2 Nc6 9. Be3 O-O 10. O-O Bg4 11. f3 Bd7 12. Qd2 Qc7 13. Rac1 Rad8 14. Bf4 e5
15. Bg5 Rde8 16. d5 Na5 17. Bd3 c4 18. Bb1 Rc8 19. h4 f6 20. Be3 b6 21. g4 Nb7
22. Ng3 Nd6 23. h5 Rf7 24. hxg6 hxg6 25. Kg2 f5 26. exf5 gxf5 27. gxf5 Nxf5 28.
d6 Nxd6 29. Nh5 Bf8 30. Bg5 Ne8 31. Bg6 Bf5 32. Bxf7+ Qxf7 33. Ng3 Bg6 34. Ne4
Bg7 35. Nd6 Nxd6 36. Qxd6 Qf5 37. Bh4 Rf8 38. Qd5+ Bf7 39. Qe4 Qe6 40. Rcd1 Kh8
41. Rh1 Kg8 42. Rhg1 Bh5 43. Rgf1 Rf4 44. Qa8+ Bf8 45. Bg3 Rf7 46. Qd5 Qf6 47.
Bxe5 Qg6+ 48. Bg3 Qc2+ 49. Rf2 Bxf3+ 50. Qxf3 Rxf3 51. Rxc2 Rd3 52. Rxd3 cxd3
53. Rd2 1-0

[Event "Titled Tue 3rd Jun Early"]
[Site "chess.com INT"]
[Date "2025.06.03"]
[Round "7"]
[White "Hernandez Jimenez, Alexander Andres"]
[Black "Filindash, Nikita"]
[Result "1-0"]
[WhiteTitle "FM"]
[BlackTitle "CM"]
[WhiteElo "2043"]
[BlackElo "2198"]
[WhiteFideId "3900452"]
[BlackFideId "34159983"]
[EventDate "2025.06.03"]

1. e4 e5 2. Nf3 Nf6 3. d4 Nxe4 4. Bd3 d5 5. Nxe5 Nd7 6. Nxd7 Bxd7 7. O-O Bd6 8.
c4 c6 9. Nc3 Nxc3 10. bxc3 O-O 11. cxd5 cxd5 12. Qh5 g6 13. Qh6 Re8 14. Bg5 Bf8
15. Qxf8+ Rxf8 16. Bxd8 Rfxd8 17. Rab1 Bc6 18. Rfe1 Rac8 19. f4 Rc7 20. Kf2 b6
21. Ke3 Bb7 22. Kd2 Rdc8 23. Rb3 Bc6 24. Ba6 Rd8 25. Rb4 Bd7 26. a4 Bf5 27. g3
h5 28. Re3 Kf8 29. Bd3 Be6 30. f5 gxf5 31. Re5 Rdc8 32. Rb3 h4 33. gxh4 Kg7 34.
Bxf5 Kf6 35. Bxe6 fxe6 36. h5 Rc4 37. Ra3 a5 38. Rb3 R8c6 39. Ra3 Rc8 40. h4
R8c7 41. Rg5 Rh7 42. Rb3 Rxa4 43. Rxb6 Ra2+ 44. Kd3 Rh2 45. Rg6+ Kf7 46. Rb7+
Kf8 47. Rxh7 Rh3+ 48. Kc2 Rxh4 49. Rxe6 Rh2+ 50. Kb3 Kg8 51. Ra7 1-0

[Event "Titled Tue 3rd Jun Early"]
[Site "chess.com INT"]
[Date "2025.06.03"]
[Round "7"]
[White "Kulnev, Aleksandr"]
[Black "Ternault, Mathieu"]
[Result "0-1"]
[WhiteTitle "CM"]
[BlackTitle "FM"]
[WhiteElo "2213"]
[BlackElo "2273"]
[WhiteFideId "54157544"]
[BlackFideId "20641532"]
[EventDate "2025.06.03"]

1. d4 d5 2. c4 c6 3. Nf3 Nf6 4. e3 a6 5. Bd3 g6 6. O-O Bg7 7. b3 O-O 8. Bb2 Bg4
9. h3 Bxf3 10. Qxf3 e6 11. a4 a5 12. Nd2 Na6 13. Bc3 Nb4 14. Bxb4 axb4 15. c5 e5
16. Qd1 Nd7 17. e4 exd4 18. exd5 Nxc5 19. Bc4 cxd5 20. Bb5 Ne4 21. Nf3 Nc3 22.
Qd3 Qb6 23. Bd7 Rfd8 24. Bb5 Ra5 25. Rad1 h6 26. Rd2 Ne4 27. Rdd1 Nc3 28. Rd2
Nxb5 29. axb5 Rxb5 30. Nxd4 Rc5 31. Rfd1 Re8 32. Nf3 Kh7 33. Rc2 Rxc2 34. Qxc2
Qc6 35. Qd3 Rd8 36. Nd4 Qc3 37. Nb5 Qxd3 38. Rxd3 d4 39. Kf1 Rd5 40. Nc7 Rc5 41.
Ne8 Rc3 42. Rd2 d3 43. Nxg7 Rc1+ 0-1

[Event "Titled Tue 3rd Jun Early"]
[Site "chess.com INT"]
[Date "2025.06.03"]
[Round "7"]
[White "Danzer, George"]
[Black "Emujin Enkh-Amgalan"]
[Result "0-1"]
[WhiteTitle "CM"]
[BlackTitle "WCM"]
[WhiteElo "2172"]
[BlackElo "1917"]
[WhiteFideId "4659465"]
[BlackFideId "4908023"]
[EventDate "2025.06.03"]

1. e4 e5 2. Nf3 Nc6 3. Bb5 a6 4. Ba4 Nf6 5. O-O Be7 6. d3 b5 7. Bb3 d6 8. c3 O-O
9. Nbd2 Bb7 10. Re1 Na5 11. Bc2 c5 12. d4 cxd4 13. cxd4 exd4 14. Nxd4 d5 15. e5
Ne4 16. Nxe4 dxe4 17. Bxe4 Bxe4 18. Rxe4 Qd5 19. Qe2 Rfd8 20. Nf5 Bf8 21. Bg5
Rd7 22. Rd4 Qe6 23. Rxd7 Qxf5 24. Bd2 Qxd7 25. Bxa5 b4 26. a3 bxa3 27. bxa3 Qa4
28. Bc3 Rc8 29. Qe3 Qc4 30. Bd2 Rd8 31. h3 Rd3 32. Qe1 Rxa3 33. Rxa3 Bxa3 34.
Qa1 Qd3 35. Bc1 Qd1+ 36. Kh2 Qxc1 37. Qd4 h6 38. Qd8+ Kh7 39. Qd4 Qc2 40. Qd7
Bb2 41. Qxf7 Bxe5+ 42. g3 a5 43. h4 a4 44. Qf8 Bd4 45. Kh3 Qxf2 0-1

[Event "Titled Tue 3rd Jun Early"]
[Site "chess.com INT"]
[Date "2025.06.03"]
[Round "7"]
[White "Leinov, Roman"]
[Black "Barrientos, Ernesto"]
[Result "0-1"]
[WhiteTitle "CM"]
[BlackTitle "CM"]
[WhiteElo "2120"]
[BlackElo "2027"]
[WhiteFideId "13504649"]
[BlackFideId "3701247"]
[EventDate "2025.06.03"]

1. Nf3 c5 2. g3 Nc6 3. Bg2 e5 4. O-O g6 5. c3 Bg7 6. d4 exd4 7. cxd4 Nxd4 8.
Nxd4 Bxd4 9. Nc3 Ne7 10. Nb5 Be5 11. Nd6+ Bxd6 12. Qxd6 Qb6 13. Bf4 f6 14. b3
Nf5 15. Qd2 d6 16. Rfd1 O-O 17. Bxd6 Rd8 18. Qd5+ Kg7 19. Qxc5 Rxd6 20. Qc3 Be6
21. Rxd6 Nxd6 22. Rd1 Rc8 23. Qf3 Bf5 24. Qf4 Nf7 25. e4 Be6 26. h4 Rc2 27. Rd2
Rxd2 28. Qxd2 Qc5 29. Qf4 Qe5 30. Qe3 Qa1+ 31. Kh2 Qxa2 32. h5 Ne5 33. h6+ Kf7
34. f3 Qxb3 35. Qxa7 Nd3 36. Qb8 Ne5 37. Qh8 Nxf3+ 38. Bxf3 Qxf3 39. Qg7+ Ke8
40. Qxh7 Bf7 41. Qg7 Qh5+ 42. Kg2 Qe2+ 43. Kg1 Qe1+ 44. Kg2 Qxe4+ 45. Kh2 Qe2+
46. Kg1 Qe1+ 47. Kg2 Bd5+ 48. Kh3 Qh1+ 49. Kg4 Qe4+ 50. Kh3 Qg2+ 51. Kg4 Qe2+
52. Kh3 Qh5# 0-1

[Event "Titled Tue 3rd Jun Early"]
[Site "chess.com INT"]
[Date "2025.06.03"]
[Round "7"]
[White "Gyurjinyan, Valter"]
[Black "Mayaud, Raphael"]
[Result "1-0"]
[WhiteTitle "CM"]
[BlackTitle "CM"]
[WhiteElo "2208"]
[BlackElo "2126"]
[WhiteFideId "13318179"]
[BlackFideId "627151"]
[EventDate "2025.06.03"]

1. e4 c6 2. d3 d5 3. Nd2 g6 4. Ngf3 Bg7 5. g3 e5 6. Bg2 Ne7 7. O-O O-O 8. Re1
Qc7 9. c3 b6 10. d4 exd4 11. cxd4 Be6 12. b3 Nd7 13. Ba3 Rfe8 14. Rc1 Qb7 15.
Ng5 Nf8 16. Ndf3 Rad8 17. Nxe6 Nxe6 18. e5 c5 19. h4 Nxd4 20. Nxd4 cxd4 21. e6
fxe6 22. Rxe6 Nf5 23. Qe2 Rxe6 24. Qxe6+ Qf7 25. Bxd5 Qxe6 26. Bxe6+ Kh8 27. g4
Nxh4 28. Be7 Re8 29. Bxh4 d3 30. Bg5 Bb2 31. Rc6 Kg7 32. Bc4 Rd8 33. Bd2 Be5 34.
Kf1 h5 35. gxh5 gxh5 36. Re6 Bd4 37. Bxd3 Bc5 38. Bc3+ Kf7 39. Bc4 Kf8 40. Rh6
Rd1+ 41. Ke2 Rh1 42. Rh8+ Ke7 43. Be5 Rh4 44. Rh7+ Ke8 45. Bf6 Re4+ 46. Kf3 Re1
47. Bb5+ Kf8 48. Bc4 Ke8 49. Rxh5 1-0

[Event "Titled Tue 3rd Jun Early"]
[Site "chess.com INT"]
[Date "2025.06.03"]
[Round "7"]
[White "Logozar, Elijah"]
[Black "Omariev, Maksim"]
[Result "1/2-1/2"]
[BlackTitle "FM"]
[WhiteElo "1945"]
[BlackElo "2304"]
[WhiteFideId "30963788"]
[BlackFideId "4193423"]
[EventDate "2025.06.03"]

1. e4 c5 2. Nf3 d6 3. d4 cxd4 4. Nxd4 Nf6 5. Nc3 a6 6. Bc4 e6 7. Bb3 Nbd7 8. f4
Nc5 9. f5 Nxb3 10. axb3 Be7 11. Qf3 O-O 12. Be3 Bd7 13. g4 Ne8 14. O-O-O Bg5 15.
h4 Bxe3+ 16. Qxe3 Rc8 17. g5 b5 18. h5 b4 19. Nce2 Qa5 20. Kb1 exf5 21. Nf4 fxe4
22. Qxe4 Qxg5 23. Nd5 Rc5 24. Nf3 Qg4 25. Qe3 Bf5 26. Rh2 Qe4 27. Ne7+ Kh8 28.
Nxf5 Qxf5 29. Qe7 Kg8 30. Nd4 Qe5 31. Qh4 h6 32. Rg2 Nf6 33. Rdg1 Nxh5 34. Nf3
Qf5 35. Nd4 Qe5 36. Nf3 Qd5 37. Ng5 hxg5 38. Qxh5 f6 39. Rh2 Qf5 40. Re1 Re5 41.
Rd1 d5 42. Rdh1 Rfe8 43. Qd1 a5 44. Qd4 Kf7 45. Qa7+ R8e7 46. Qxa5 Re1+ 47. Rxe1
Rxe1+ 48. Ka2 Qf1 49. Qxd5+ Kg6 50. Qd3+ Kf7 51. Qd7+ Kg6 52. Qd3+ Kf7 53. Qd7+
Kg6 54. Qd3+ 1/2-1/2

[Event "Titled Tue 3rd Jun Early"]
[Site "chess.com INT"]
[Date "2025.06.03"]
[Round "7"]
[White "Diachek, Andrii"]
[Black "Kovalchuk, Alexey"]
[Result "1/2-1/2"]
[WhiteTitle "CM"]
[BlackTitle "FM"]
[WhiteElo "2226"]
[BlackElo "2304"]
[WhiteFideId "34106499"]
[BlackFideId "24154385"]
[EventDate "2025.06.03"]

1. c4 e6 2. Nf3 d5 3. e3 Nf6 4. Nc3 Be7 5. b3 O-O 6. Bb2 b6 7. cxd5 exd5 8. d4
c5 9. Bd3 Nc6 10. O-O Bg4 11. Be2 Rc8 12. h3 Bh5 13. dxc5 bxc5 14. Rc1 Re8 15.
Na4 Ne4 16. Nd2 Bxe2 17. Qxe2 Nxd2 18. Qxd2 d4 19. Nxc5 dxe3 20. Qxe3 Bg5 21.
Qg3 Bf6 22. Rfd1 Bxb2 23. Rxd8 Rcxd8 24. Rf1 Nd4 25. Qg4 f5 26. Qh4 Ne2+ 27. Kh1
Bf6 28. Qc4+ Kh8 29. Ne6 Rd6 30. Qxe2 Rdxe6 31. Qf3 g6 32. Rd1 Re1+ 33. Rxe1
Rxe1+ 34. Kh2 Re7 35. g3 Kg7 36. Kg2 Bd4 37. Qd3 Bb6 38. b4 Re4 39. a4 Re7 40.
a5 Bc7 41. Qd4+ Be5 42. Qc5 Bf6 43. b5 Rd7 44. b6 axb6 45. axb6 Rd2 46. b7 Bd4
47. Qe7+ Kh6 48. b8=Q Rxf2+ 49. Kh1 Rf1+ 50. Kg2 Rf2+ 51. Kg1 Rf3+ 52. Kg2 Rf2+ 1/2-1/2

[Event "Titled Tue 3rd Jun Early"]
[Site "chess.com INT"]
[Date "2025.06.03"]
[Round "7"]
[White "Baules Rodriguez, Jorge Luis"]
[Black "Chelly, Yahya"]
[Result "0-1"]
[WhiteTitle "IM"]
[BlackTitle "CM"]
[WhiteElo "2257"]
[BlackElo "2039"]
[WhiteFideId "6600247"]
[BlackFideId "5516200"]
[EventDate "2025.06.03"]

1. e4 c6 2. d4 d5 3. exd5 cxd5 4. c4 Nc6 5. Nc3 e6 6. Nf3 dxc4 7. Bxc4 Nf6 8.
O-O Be7 9. Re1 O-O 10. Bg5 a6 11. a3 b5 12. Bb3 Bb7 13. Qd3 h6 14. Bxf6 Bxf6 15.
Bc2 g6 16. Rxe6 Nxd4 17. Rxf6 Nxc2 18. Rxg6+ fxg6 19. Qxg6+ Kh8 20. Qxh6+ Kg8
21. Qg6+ Kh8 22. Ng5 Qe7 23. Qh6+ Kg8 24. Qg6+ Qg7 25. Qe6+ Rf7 26. Nce4 Nxa1
27. Nxf7 Qxf7 28. Qg4+ Kf8 29. Ng5 Qc4 30. Qf5+ Ke8 31. Qe5+ Kd7 32. Qg7+ Kc6
33. h4 Qc1+ 34. Kh2 Qf4+ 35. Kg1 Kb6 36. Ne6 Qc1+ 37. Kh2 Rc8 38. Qd4+ Ka5 39.
b4+ Ka4 40. Qb6 Kxa3 41. Qa5+ Kb2 42. Nc5 Nb3 43. Nxb3 Kxb3 44. Qb6 Qc6 45. Qe3+
Kxb4 46. f3 Ka5 47. Qf4 Kb6 48. Qd2 a5 49. Qf2+ Qc5 50. Qg3 a4 51. Qg5 Qc6 52.
Qd2 Qc7+ 53. g3 Qc2 54. Kh3 Qxd2 55. h5 a3 56. Kh4 a2 57. f4 a1=Q 58. Kg4 Qg7+
59. Kf5 Qd5# 0-1

[Event "Titled Tue 3rd Jun Early"]
[Site "chess.com INT"]
[Date "2025.06.03"]
[Round "7"]
[White "Behzad Nazif, Parva"]
[Black "Sarveshwaran V"]
[Result "1-0"]
[WhiteTitle "WIM"]
[BlackTitle "CM"]
[WhiteElo "2090"]
[BlackElo "2290"]
[WhiteFideId "12563790"]
[BlackFideId "25699016"]
[EventDate "2025.06.03"]

1. e4 e6 2. d4 d5 3. e5 c5 4. c3 Nc6 5. Nf3 Nge7 6. Na3 cxd4 7. cxd4 Nf5 8. Nc2
Qa5+ 9. Bd2 Qb6 10. Bc3 h5 11. b4 Nxb4 12. Nxb4 Bd7 13. Nd3 Rc8 14. Rc1 Ba3 15.
Rb1 Qc7 16. Bd2 b6 17. Be2 h4 18. h3 a5 19. O-O Be7 20. Qb3 Bd8 21. Rfc1 Qa7 22.
Rxc8 Bxc8 23. Nf4 O-O 24. Bd3 a4 25. Qc2 Bd7 26. Bxf5 exf5 27. Nxd5 Qb7 28. Nf4
Be7 29. d5 Rc8 30. Qd3 Bc5 31. e6 fxe6 32. dxe6 Bc6 33. Qxf5 Rf8 34. Qh5 Be4 35.
Ng6 Bxg6 36. Qxg6 Rf6 37. Qe8+ Rf8 38. Qh5 a3 39. Ng5 Rxf2 40. Nf3 Rxf3+ 41. Kh1
Rf8 42. Bc3 Qe4 43. Re1 Qf5 44. e7 Qf1+ 45. Rxf1 Rxf1+ 46. Kh2 Bd6+ 47. Be5 Bc5
48. e8=Q+ 1-0

[Event "Titled Tue 3rd Jun Early"]
[Site "chess.com INT"]
[Date "2025.06.03"]
[Round "7"]
[White "Tomb, Maroun"]
[Black "Iskusnyh, Sergei"]
[Result "1-0"]
[WhiteTitle "CM"]
[BlackTitle "GM"]
[WhiteElo "2090"]
[BlackElo "2440"]
[WhiteFideId "5300398"]
[BlackFideId "4120027"]
[EventDate "2025.06.03"]

1. e4 e6 2. d4 d5 3. Nd2 c5 4. exd5 Qxd5 5. Ngf3 cxd4 6. Bc4 Qd6 7. Qe2 Nf6 8.
Nb3 Nc6 9. Bg5 Be7 10. O-O-O O-O 11. Nbxd4 Nxd4 12. Rxd4 Qb6 13. Rhd1 a5 14. Ne5
a4 15. Rh4 Ra5 16. f4 g6 17. Ng4 Rxg5 18. fxg5 Nxg4 19. Rxg4 Qc5 20. h4 b5 21.
Bxb5 a3 22. Bc4 Bb7 23. Rgd4 Qb6 24. Bb3 Rc8 25. Rd7 Bc5 26. Rf1 Ba6 27. Qf3 Rf8
28. Rfd1 Bb5 29. Rb7 Qa6 30. Kb1 Be2 31. Qf6 Bxd1 32. Rxf7 Rxf7 33. Bxe6 Qb7 34.
Qd8+ Bf8 35. b3 Be2 36. Bxf7+ Qxf7 37. Qd2 Qf1+ 38. Qc1 Qxc1+ 39. Kxc1 Bf1 40.
c4 Bxg2 41. Kc2 Bh3 42. Kc3 Bd6 43. b4 Bg3 44. Kb3 Bxh4 45. c5 Bxg5 46. b5 Be7
47. Kb4 g5 48. b6 Bg2 49. Kb5 1-0

[Event "Titled Tue 3rd Jun Early"]
[Site "chess.com INT"]
[Date "2025.06.03"]
[Round "7"]
[White "Barseghyan, Armen Ar."]
[Black "Logachiov, Aleksandr"]
[Result "1-0"]
[WhiteTitle "IM"]
[BlackTitle "CM"]
[WhiteElo "2348"]
[BlackElo "2129"]
[WhiteFideId "13306707"]
[BlackFideId "24123706"]
[EventDate "2025.06.03"]

1. Nf3 Nf6 2. c4 c5 3. g3 g6 4. Bg2 Bg7 5. O-O Nc6 6. Nc3 O-O 7. d4 cxd4 8. Nxd4
Nxd4 9. Qxd4 d6 10. b3 Qc7 11. Bb2 Bd7 12. Nd5 Qd8 13. Rfd1 Bc6 14. Rac1 Qd7 15.
Qd2 Bxd5 16. cxd5 Nh5 17. Bxg7 Nxg7 18. Rc3 Rac8 19. Rdc1 Rxc3 20. Qxc3 Rd8 21.
Qa5 b6 22. Qa6 Ne8 23. Rc6 Nf6 24. Qc4 Qf5 25. e4 Qe5 26. a4 Kg7 27. Bf3 h5 28.
h4 Nd7 29. Rc7 Qa1+ 30. Kg2 Ne5 31. Qc3 Qxc3 32. Rxc3 Kf6 33. Be2 Rd7 34. Bb5
Rb7 35. Ba6 Rd7 36. Bc8 Rd8 37. Ba6 Rd7 38. f4 Ng4 39. Bc8 Rd8 40. Bxg4 hxg4 41.
Rc7 Ra8 42. Kf2 a6 43. Ke3 b5 44. a5 b4 45. Kd4 Rb8 46. Rc6 Rb5 47. Rxa6 Rc5 48.
Rb6 Rc3 49. Rxb4 Rxg3 50. a6 Rg1 51. a7 Ra1 52. Ra4 Rd1+ 53. Ke3 g3 54. Kf3 Rd3+
55. Kg2 1-0

[Event "Titled Tue 3rd Jun Early"]
[Site "chess.com INT"]
[Date "2025.06.03"]
[Round "7"]
[White "Sobek, Jaroslav"]
[Black "Lopez Abreu, Michel Samuel"]
[Result "0-1"]
[WhiteTitle "FM"]
[BlackTitle "FM"]
[WhiteElo "2195"]
[BlackElo "2038"]
[WhiteFideId "301388"]
[BlackFideId "3927903"]
[EventDate "2025.06.03"]

1. d4 Nf6 2. c4 e6 3. Bf4 d5 4. e3 Bd6 5. Bxd6 Qxd6 6. Nf3 O-O 7. Nc3 a6 8. c5
Qe7 9. Bd3 Nbd7 10. b4 e5 11. dxe5 Nxe5 12. Nd4 Neg4 13. Qd2 b6 14. cxb6 cxb6
15. a3 Ne5 16. O-O Be6 17. Rac1 Nc4 18. Bxc4 dxc4 19. e4 Rfd8 20. f3 a5 21. Qe3
axb4 22. Nc6 Qd6 23. Nxd8 Rxd8 24. axb4 Qxb4 25. Rb1 Qf8 26. Rxb6 Rd3 27. Qc1
Qc5+ 28. Kh1 Qxb6 29. Nd5 Bxd5 30. exd5 Qd8 31. Qxc4 Rxd5 32. h4 Rd4 33. Qc1
Rxh4+ 34. Kg1 Qb6+ 35. Rf2 Qd8 36. Rd2 Qf8 37. Qc7 Ne8 38. Qc8 Rh6 39. Rd8 Re6
40. f4 Qe7 41. f5 Re1+ 42. Kf2 f6 43. Qc4+ Qf7 44. Qxf7+ Kxf7 45. Rd7+ Re7 46.
Rd3 Nc7 47. Rc3 Nd5 48. Rb3 Nf4 49. Ra3 Nh5 50. Kf3 g6 51. g4 gxf5 52. gxh5 Kg7 0-1

[Event "Titled Tue 3rd Jun Early"]
[Site "chess.com INT"]
[Date "2025.06.03"]
[Round "7"]
[White "Souleidis, Georgios"]
[Black "Dominguez, Ramiro"]
[Result "1/2-1/2"]
[WhiteTitle "IM"]
[BlackTitle "FM"]
[WhiteElo "2418"]
[BlackElo "2185"]
[WhiteFideId "4206827"]
[BlackFideId "4420055"]
[EventDate "2025.06.03"]

1. d4 Nf6 2. Nf3 d5 3. e3 e6 4. Bd3 c5 5. b3 Nc6 6. O-O Be7 7. Bb2 O-O 8. a3 b6
9. Nbd2 Bb7 10. Qe2 Rc8 11. dxc5 Bxc5 12. e4 dxe4 13. Nxe4 Nd4 14. Nxf6+ Qxf6
15. Bxd4 Bxd4 16. Nxd4 Qxd4 17. Rfd1 Qf6 18. a4 g6 19. a5 Rfd8 20. axb6 axb6 21.
Ra7 Bd5 22. Ra6 Qg5 23. f3 Rb8 24. Qf2 b5 25. Rda1 b4 26. R6a5 h5 27. Re1 Ra8
28. Rxa8 Rxa8 29. Qe3 Qf6 30. Qe5 Qxe5 31. Rxe5 Kf8 32. Re1 Ke7 33. Kf2 Kd6 34.
Ke3 Kc5 35. h4 Ra2 36. g3 Ra7 37. g4 hxg4 38. fxg4 f5 39. gxf5 gxf5 40. Kf4 Rg7
41. h5 Kd4 42. Be2 Be4 43. Rd1+ Kc3 44. Rd6 Bxc2 45. Rxe6 Kxb3 46. h6 Rh7 47.
Rb6 Kc3 48. Rc6+ Kd2 49. Bc4 b3 50. Bxb3 Bxb3 51. Kxf5 Bc2+ 52. Rxc2+ Kxc2 53.
Kg6 Ra7 54. h7 Ra8 55. Kg7 Ra7+ 56. Kg6 Ra8 57. Kg7 Kd3 58. h8=Q Rxh8 59. Kxh8 1/2-1/2

[Event "Titled Tue 3rd Jun Early"]
[Site "chess.com INT"]
[Date "2025.06.03"]
[Round "7"]
[White "Hovakimyan, Vache"]
[Black "Ambartsumian, Tyhran"]
[Result "1-0"]
[WhiteTitle "FM"]
[BlackTitle "CM"]
[WhiteElo "2282"]
[BlackElo "2179"]
[WhiteFideId "13317288"]
[BlackFideId "34161112"]
[EventDate "2025.06.03"]

1. e4 e5 2. Nf3 Nc6 3. Bb5 a6 4. Ba4 Nf6 5. O-O Be7 6. Bxc6 dxc6 7. d3 Bd6 8.
Nbd2 Be6 9. b3 Nd7 10. Bb2 Qe7 11. h3 O-O 12. Qe2 a5 13. a4 c5 14. Nc4 f6 15.
Ne3 Nb8 16. Nh4 Nc6 17. Nhf5 Qd7 18. Nxd6 Qxd6 19. Nf5 Qd7 20. Ng3 Nd4 21. Bxd4
cxd4 22. f4 exf4 23. Rxf4 Qd6 24. Raf1 Qe5 25. Qf2 Rad8 26. Nf5 g6 27. Nh4 Kg7
28. Qd2 b6 29. Nf3 Qd6 30. Rh4 h5 31. Kh1 Qe7 32. Qf2 c5 33. Qg3 Qd6 34. e5 fxe5
35. Rxh5 e4 36. Qg5 Rh8 37. Rxh8 Rxh8 38. Ne5 Rh6 39. Rf6 e3 40. Nxg6 Rxh3+ 41.
gxh3 Bd5+ 42. Kg1 e2 43. Nf4+ Kh7 44. Qh6+ Kg8 45. Qg5+ Kh7 46. Qg6+ Kh8 47.
Nxe2 Qe7 48. Qg5 Qxe2 49. Rh6# 1-0